Test your Latin - Click the Animal - Statistics

General Stats
  • This quiz has been taken 798 times
  • The average score is 11 of 20
Answer Stats
Hint Answer % Correct
Canis lupus Wolf
93%
Panthera leo Lion
92%
Ursus maritimus Polar Bear
82%
Salmo trutta Brown trout
74%
Diceros bicornis Black Rhinoceros
70%
Equus quagga Plains Zebra
70%
Vipera berus European Adder
68%
Cygnus olor Mute Swan
67%
Loxodonta africana Bush Elephant
56%
Mus musculus House Mouse
52%
Rana temporaria Common Frog
51%
Apis mellifera Honey Bee
50%
Balaenoptera musculus Blue Whale
47%
Formica rufa Wood Ant
47%
Vicugna pacos Alpaca
46%
Ovis aries Sheep
46%
Osphranter rufus Red Kangaroo
37%
Pan troglodytes Chimpanzee
34%
Pica pica Eurasian Magpie
26%
Chelonoidis niger Giant Tortoise
15%
No matching quizzes found
Score Distribution
Percent of People with Each Score
Percentile by Number Answered
Your Score History
You have not taken this quiz